000 00419pab a2200169 454500
008 180718b2011 xxu||||| |||| 00| 0 eng d
100 _aIrvin, George
245 _aInequality and recession in Britain and the USA
260 _c2011
300 _ap.154-182.
362 _aJan
650 _aEconomic recession
650 _aIncome distribution
773 _aDevelopment and Change
908 _aN
909 _a91837
999 _c91837
_d91837